God's country lyrics - Statistics

General Stats
  • This quiz has been taken 11 times
  • The average score is 263 of 371
Answer Stats
Answer % Correct
a
100%
country
100%
God's
100%
I
100%
on
100%
the
100%
The
100%
what
100%
and
88%
And
88%
he
88%
in
88%
In
88%
is
88%
of
88%
to
88%
back
75%
baptized
75%
be
75%
but
75%
by
75%
do
75%
get
75%
holy
75%
it
75%
my
75%
Sittin
75%
this
75%
This
75%
up
75%
water
75%
We
75%
when
75%
When
75%
With
75%
you
75%
40
63%
ain't
63%
all
63%
around
63%
bound
63%
Devil
63%
didn't
63%
dogs
63%
down
63%
for
63%
from
63%
Georgia
63%
Gettin
63%
Heaven
63%
it's
63%
land
63%
light
63%
me
63%
muddy
63%
proud
63%
riverside
63%
runnin
63%
Saved
63%
saw
63%
sound
63%
stick
63%
sunrise
63%
that'll
63%
then
63%
There's
63%
went
63%
we're
63%
again
50%
bit
50%
box
50%
bread
50%
call
50%
'Cause
50%
Cause
50%
church
50%
deed
50%
dirt
50%
don't
50%
end
50%
Got
50%
ground
50%
Him
50%
little
50%
lot
50%
nothing
50%
one
50%
outside
50%
pinewood
50%
put
50%
Right
50%
road
50%
shine
50%
Sunday
50%
they
50%
time
50%
town
50%
whole
50%
why
50%
wind
50%
break
38%
care
38%
deep
38%
Dixie
38%
done
38%
feet
38%
found
38%
gold
38%
grain
38%
headstone
38%
kind
38%
lay
38%
money
38%
pray
38%
rain
38%
six
38%
take
38%
that's
38%
until
38%
week's
38%
been
25%
fallen
25%
guess
25%
Or
25%
plate
25%
reads
25%
thank
25%
Yeah
25%
brings
13%
turned
13%
whistled
13%
worked
13%
No matching quizzes found
Score Distribution
Percent of People with Each Score
Percentile by Number Answered
Your Score History
You have not taken this quiz